=LDR 00000nam 2200000 4500 =001 NUTBA000000000002328 =005 20140612101624.0 =006 =007 =008 =020 ##$$a 974-979-20-1396-8 =035 ##$$a 0010-061400000000271 =040 ##$$a NBPDMAT =082 ##$$a 658 81 =090 ##$$a 658.81 $b Fra c =100 ##$$a Frans M.Royan =245 ##$$a Creating effective sales force : $b Meningkatkan penjualan melalui rancang bangun sales force efective / $c Frans M.Royan =250 ##$$a Ed.2 =260 ##$$a Yogyakarta : $b Andi, $c 2010 =300 ##$$a 210 hlm. : $b ilus. ; $c 21 cm. =500 ##$$a Bibliografi : hlm. 205 -202 =650 ##$$a Manajemen Pemasaran =850 ##$$a NBPDMAT =990 ##$$a 21401467